[Event "Ille et Vilaine-ch 1112"]
[Site "Ile et Vilaine"]
[Date "2012.01.21"]
[Round "4.11"]
[White "Brault, David"]
[Black "Rolland, Jean Louis"]
[Result "1-0"]
[WhiteElo "1519"]
[BlackElo "1310"]
[PlyCount "79"]
[EventDate "2012.10.??"]
[EventType "swiss"]
[EventRounds "7"]
[EventCountry "FRA"]
[SourceTitle "EXT 2014"]
[Source "ChessBase"]
[SourceDate "2013.11.20"]
[SourceVersion "1"]
[SourceVersionDate "2013.11.20"]
[SourceQuality "1"]

1. e4 e5 2. Nf3 Nc6 3. d4 exd4 4. Bc4 h6 5. 0-0 Qf6 6. e5 Qd8 7. c3 d5 8. Bd3 Bg4 9. Bb5 a6 10. Bxc6+ bxc6 11. Qd3 c5 12. cxd4 Bxf3 13. Qxf3 cxd4 14. Re1 Bc5 15. e6 Nf6 16. exf7+ Kxf7 17. b3 c6 18. Bb2 Qa5 19. Rf1 Rhe8 20. a4 Kg8 21. Ba3 Bxa3 22. Nxa3 Re4 23. Nc2 Rae8 24. b4 Qc7 25. Rad1 Rf4 26. Qd3 Rh4 27. g3 Ng4 28. Rfe1 Rf8 29. Re2 Rh5 30. Nxd4 Qf7 31. f4 Re8 32. Nxc6 Rxe2 33. Qxe2 Rxh2 34. Qxg4 Rh5 35. Qc8+ Kh7 36. Qxa6 Qf6 37. Qd3+ g6 38. Ne5 Qe6 39. Qxd5 Qf6 40. Qd7+ 1-0